Relevance of human factors in aviation accidents and prevention (Record no. 495184)

000 -LEADER
fixed length control field 00428cam a22001217a 4500
008 - FIXED-LENGTH DATA ELEMENTS--GENERAL INFORMATION
fixed length control field 180718b2009 xxu||||| |||| 00| 0 eng d
082 ## - DEWEY DECIMAL CLASSIFICATION NUMBER
Classification number APPPA 2008-09/BHA
100 ## - MAIN ENTRY--PERSONAL NAME
Personal name Bharadwaj, Anupam
245 ## - TITLE STATEMENT
Title Relevance of human factors in aviation accidents and prevention
Statement of responsibility, etc. by Anupam Bharadwaj
260 ## - PUBLICATION, DISTRIBUTION, ETC.
Place of publication, distribution, etc. New Delhi
Name of publisher, distributor, etc. Indian Institute of Public Administration
Date of publication, distribution, etc. 2009
300 ## - PHYSICAL DESCRIPTION
Extent 106p.
650 ## - SUBJECT ADDED ENTRY--TOPICAL TERM
Topical term or geographic name entry element Aeronautics - Accident investigation
Holdings
Withdrawn status Lost status Damaged status Not for loan Permanent Location Current Location Date acquired Full call number Barcode Date last seen Price effective from Koha item type
        Indian Institute of Public Administration Indian Institute of Public Administration 2018-08-04 APPPA 2008-09/BHA GR18322 2018-08-04 2018-08-04 GR

Powered by Koha